[Event "Arab Games 2011"]
[Site "0:00.38-0:00.58"]
[Date "2011.12.12"]
[Round "6"]
[White "Obada Ahmad, Azeezjawad"]
[Black "Khader Sami"]
[Result "0-1"]
[WhiteElo "2353"]
[BlackElo "2404"]
[PlyCount "68"]
[EventDate "2011.??.??"]

1. e4 e6 2. d4 d5 3. Nc3 Bb4 4. e5 c5 5. a3 Bxc3+ 6. bxc3 Nc6 7. Nf3 Bd7 8. Be2
f6 9. exf6 Nxf6 10. O-O O-O 11. c4 cxd4 12. Nxd4 e5 13. Nxc6 bxc6 14. cxd5 cxd5
15. c4 d4 16. Bg5 Qc7 17. f4 Ne4 18. Bf3 Nc3 19. Qd2 Bc6 20. fxe5 Bxf3 21. gxf3
Qxc4 22. Rae1 Rae8 23. f4 h6 24. Bh4 d3 25. Bg3 Ne2+ 26. Kg2 Qc6+ 27. Kh3 Qe6+
28. Kg2 Qc6+ 29. Kh3 Rd8 30. Rxe2 dxe2 31. Qxe2 Qe6+ 32. Qg4 Rf5 33. Rf3 h5 34.
Qh4 Rxf4+ 0-1

[Event "Arab Games 2011"]
[Site "0:11.00-0:02.11"]
[Date "2011.12.12"]
[Round "6"]
[White "Najjar Ahmad"]
[Black "El Jawich Amro"]
[Result "0-1"]
[WhiteElo "2274"]
[BlackElo "2139"]
[PlyCount "68"]
[EventDate "2011.??.??"]

1. Nf3 Nf6 2. c4 g6 3. Nc3 Bg7 4. b3 O-O 5. Bb2 d6 6. d4 Nbd7 7. e4 e5 8. dxe5
Nxe5 9. Nxe5 dxe5 10. Be2 c6 11. O-O Qc7 12. Qc2 Rd8 13. Rad1 Be6 14. Rxd8+
Rxd8 15. Rd1 Bf8 16. h3 Bc5 17. Bf3 Bd4 18. Bc1 Rd7 19. Ne2 c5 20. Nc3 Bxc3 21.
Rxd7 Bxd7 22. Qxc3 Bc6 23. Qd3 Qd7 24. Qxd7 Nxd7 25. Bg5 f6 26. Be3 b6 27. Bg4
Nf8 28. f3 f5 29. exf5 h5 30. fxg6 hxg4 31. hxg4 Nxg6 32. Kf2 Kf7 33. Bg5 Nf4
34. g3 Nh3+ 0-1

[Event "Arab Games 2011"]
[Site "0:25.10-0:25.10"]
[Date "2011.12.12"]
[Round "6"]
[White "Elarbi Abobker"]
[Black "Omar, Abdulrahman"]
[Result "0-1"]
[WhiteElo "2273"]
[BlackElo "2045"]
[PlyCount "126"]
[EventDate "2011.??.??"]

1. e4 c5 2. Nf3 d6 3. c3 Nf6 4. Be2 Nc6 5. d4 cxd4 6. cxd4 e6 7. Nc3 Be7 8. O-O
O-O 9. d5 exd5 10. exd5 Ne5 11. Nd4 Bd7 12. f4 Ng6 13. Be3 Re8 14. Qd2 Bf8 15.
Rae1 Rc8 16. h3 a6 17. Bf3 Nh4 18. Qf2 Nxf3+ 19. Qxf3 b5 20. a3 h6 21. g4 Nh7
22. Ne4 Nf6 23. Ng3 Nh7 24. Re2 Rc4 25. Rh2 Qe7 26. Bf2 g6 27. b3 Rcc8 28. Re1
Qd8 29. Rd1 Bg7 30. Ne4 Qe7 31. Re1 Qf8 32. f5 Nf6 33. Nxf6+ Bxf6 34. fxg6 fxg6
35. Ne6 Bxe6 36. dxe6 Be5 37. Qxf8+ Kxf8 38. Rg2 Rxe6 39. Be3 g5 40. Rf2+ Kg7
41. Kg2 Rc3 42. Bd4 Rg3+ 43. Kf1 Rxh3 44. Bxe5+ dxe5 45. Kg2 Rxb3 46. Rc1 Kg6
47. Rc8 Rxa3 48. Rg8+ Kh7 49. Rff8 Ra2+ 50. Kg3 Re7 51. Rh8+ Kg6 52. Rfg8+ Rg7
53. Re8 b4 54. Re6+ Kf7 55. Rhxh6 a5 56. Rxe5 b3 57. Rb6 a4 58. Ra5 b2 59. Rab5
a3 60. Kf3 Ra1 61. Ke4 Rf1 62. Kd3 a2 63. Rxb2 a1=Q 0-1

[Event "Arab Games 2011"]
[Site "0:00.47-0:00.52"]
[Date "2011.12.12"]
[Round "6"]
[White "Shobaita Talal"]
[Black "Sabar Daoud"]
[Result "1/2-1/2"]
[WhiteElo "2139"]
[BlackElo "2034"]
[PlyCount "139"]
[EventDate "2011.??.??"]

1. d4 d5 2. c4 c6 3. Nf3 Nf6 4. Nc3 e6 5. e3 Be7 6. Bd3 dxc4 7. Bxc4 b5 8. Bd3
Bb7 9. O-O a6 10. a4 O-O 11. Qe2 Nbd7 12. Rd1 b4 13. Ne4 Nxe4 14. Bxe4 Nf6 15.
Bc2 a5 16. e4 Qc7 17. Bg5 h6 18. Bh4 c5 19. dxc5 Qxc5 20. Rac1 Qh5 21. h3 Rfc8
22. Bg3 Bc5 23. Bd3 Bb6 24. b3 Qg6 25. Bf4 Bxe4 26. Rxc8+ Rxc8 27. Nh4 Qh5 28.
Qxh5 Nxh5 29. Bxe4 Nxf4 30. Nf3 Ne2+ 31. Kf1 Nc3 32. Rc1 Bxf2 33. Bb7 Rc7 34.
Kxf2 Rxb7 35. Rc2 Rd7 36. Ne5 Rd5 37. Nc4 f6 38. Ke3 Kf7 39. Rd2 Rg5 40. Rd7+
Kg6 41. Kf3 Rf5+ 42. Kg3 Ne2+ 43. Kh2 Rf2 44. Nxa5 Nc1 45. Rd1 Rc2 46. Rd4 Na2
47. Nc4 Rc1 48. a5 Nc3 49. Nb2 Nd5 50. a6 Rc6 51. Nd3 Rxa6 52. Nxb4 Rb6 53.
Nxd5 exd5 54. Rxd5 Rxb3 55. h4 f5 56. g3 Rb4 57. Ra5 Rg4 58. Kh3 Rb4 59. Kg2
Rb6 60. Kf3 Kf6 61. Kf4 g5+ 62. hxg5+ hxg5+ 63. Kf3 Kg6 64. Rc5 Rf6 65. g4
fxg4+ 66. Kxg4 Rf4+ 67. Kg3 Kh5 68. Ra5 Rc4 69. Ra3 Rc1 70. Rb3 1/2-1/2

[Event "Arab Games 2011"]
[Site "0:03.03-0:02.38"]
[Date "2011.12.12"]
[Round "6"]
[White "Nadir Samir"]
[Black "Takrory Hosam"]
[Result "1-0"]
[WhiteElo "2125"]
[BlackElo "2034"]
[PlyCount "79"]
[EventDate "2011.??.??"]

1. d4 Nf6 2. f4 e6 3. e3 c5 4. c3 d5 5. Nf3 Nc6 6. Bd3 Be7 7. O-O cxd4 8. exd4
O-O 9. Nbd2 Re8 10. Ne5 Bf8 11. Rf3 g6 12. Qe1 Ne7 13. Rh3 Bd7 14. Ndf3 h6 15.
g4 Ne4 16. Bxe4 dxe4 17. Qxe4 Bc6 18. Nxc6 Nxc6 19. Bd2 f5 20. Qc2 Rc8 21. Be3
Nb4 22. Qg2 Nd5 23. Bd2 Qf6 24. Ne5 Rc7 25. gxf5 exf5 26. Qxd5+ Kh7 27. Rg3 Rg7
28. Kh1 Bd6 29. Rag1 Reg8 30. c4 b6 31. c5 bxc5 32. dxc5 Bxe5 33. fxe5 Qh4 34.
Qg2 g5 35. e6 Qd4 36. Bc3 Qxc5 37. Bxg7 Rxg7 38. Re1 f4 39. Qe4+ Kh8 40. e7 1-0

[Event "Arab Games 2011"]
[Site "0:01.04-0:00.50"]
[Date "2011.12.12"]
[Round "7"]
[White "Amin Bassem"]
[Black "Al Qudaimi, Basheer"]
[Result "1-0"]
[WhiteElo "2590"]
[BlackElo "2398"]
[PlyCount "40"]
[EventDate "2011.??.??"]

1. e4 e5 2. Nf3 Nc6 3. Bb5 a6 4. Ba4 Nf6 5. Qe2 d6 6. c3 Be7 7. d3 O-O 8. h3 b5
9. Bb3 Na5 10. Bc2 c5 11. Nbd2 Re8 12. Nf1 c4 13. Ng3 Bf8 14. O-O h6 15. d4 Nc6
16. Be3 Qc7 17. d5 Ne7 18. Nh2 Ng6 19. Ng4 Qe7 20. Qf3 Nxg4 1-0

[Event "Arab Games 2011"]
[Site "0:05:00"]
[Date "2011.12.12"]
[Round "7"]
[White "Al-Sayed, Mohammed"]
[Black "Salem A R Saleh"]
[Result "0-1"]
[WhiteElo "2514"]
[BlackElo "2511"]
[PlyCount "62"]
[EventDate "2011.??.??"]

1. e4 c5 2. Nf3 Nc6 3. Bb5 e6 4. Bxc6 bxc6 5. d3 Ne7 6. h4 h5 7. Nc3 Ng6 8. e5
f6 9. Qe2 Qc7 10. exf6 gxf6 11. Ne4 Be7 12. c4 d5 13. Nc3 Kf7 14. g3 Qb7 15.
Nd2 e5 16. b3 Bg4 17. f3 Bf5 18. Ba3 Rad8 19. Na4 Nf8 20. Bxc5 dxc4 21. Bxe7
cxd3 22. Qf2 Qxe7 23. g4 hxg4 24. fxg4 Bxg4 25. Rg1 Rd4 26. Rc1 Qb4 27. Rxg4
Rxg4 28. Rxc6 Rhxh4 29. Rxf6+ Kg8 30. Kd1 Rh1+ 31. Nf1 Rgg1 0-1

[Event "Arab Games 2011"]
[Site "0:00.14-0:00.54"]
[Date "2011.12.12"]
[Round "7"]
[White "Karim Ismael"]
[Black "Al-Modiahki, Mohamad"]
[Result "0-1"]
[WhiteElo "2405"]
[BlackElo "2558"]
[PlyCount "122"]
[EventDate "2011.??.??"]

1. e4 c5 2. Nf3 Nc6 3. d4 cxd4 4. Nxd4 g6 5. Nc3 Bg7 6. Be3 Nf6 7. f4 d6 8. Be2
O-O 9. Nb3 b6 10. O-O Bb7 11. Bf3 e6 12. Rf2 Qe7 13. Rd2 Rfd8 14. Qe1 Rac8 15.
Rad1 Ne8 16. Bf2 h6 17. a3 Kh7 18. Bh4 g5 19. Bg3 gxf4 20. Bxf4 Ne5 21. Be2 Ng6
22. Be3 Nf6 23. Bd3 Ng4 24. Bd4 Bxd4+ 25. Nxd4 N4e5 26. Qg3 Rg8 27. Rf1 Nh4 28.
Qf4 Rg4 29. Qf6 Qxf6 30. Rxf6 a6 31. Rdf2 Rg7 32. g3 Nhg6 33. h3 Nxd3 34. cxd3
Ne5 35. Kh2 Nxd3 36. R2f3 Ne5 37. Rf2 Rc4 38. Nf3 Nd3 39. Rd2 Nxb2 40. Rxb2
Rxc3 41. Re2 Rxa3 42. g4 Rc3 43. Nh4 Rc4 44. Ref2 Kg8 45. Rd2 d5 46. e5 d4 47.
Rf4 Rg5 48. Rdf2 Rc7 49. Rxd4 Rxe5 50. Rd8+ Kg7 51. Rfd2 Bd5 52. Rd6 Rc1 53.
Rd7 Rh1+ 54. Kg3 Re3+ 55. Kf4 Rexh3 56. R2xd5 Rf1+ 57. Ke5 Rxh4 58. Rd4 h5 59.
Kd6 Rxg4 60. Rd3 Rf5 61. Ke7 Rd5 0-1

[Event "Arab Games 2011"]
[Site "0:18.53-0:13.35"]
[Date "2011.12.12"]
[Round "7"]
[White "Adly Ahmed"]
[Black "Al-Ali Hussein, Ali Hussei"]
[Result "1-0"]
[WhiteElo "2601"]
[BlackElo "2392"]
[PlyCount "85"]
[EventDate "2011.??.??"]

1. Nf3 Nf6 2. c4 e6 3. g3 d5 4. Bg2 Be7 5. O-O O-O 6. d4 dxc4 7. Qa4 c5 8. dxc5
Bxc5 9. Qxc4 Qe7 10. Nc3 h6 11. Ne5 Nbd7 12. Nd3 e5 13. Nxc5 Nxc5 14. Be3 Ne6
15. Rfd1 Rb8 16. Qb5 Nd4 17. Bxd4 exd4 18. Rxd4 Bd7 19. Qa5 a6 20. Rad1 Be6 21.
a4 Rfc8 22. Rd6 Ne8 23. Rb6 Rc5 24. Qb4 a5 25. Qf4 Qc7 26. Qxc7 Rxc7 27. Bd5
Bd7 28. Bf3 Nf6 29. Rxf6 gxf6 30. Nd5 Bxa4 31. Ra1 Rc4 32. Nb6 Rb4 33. Nxa4 b5
34. Nc5 Rxb2 35. Rxa5 b4 36. Nd7 Rd8 37. Nxf6+ Kf8 38. Rb5 b3 39. Rb7 Rd6 40.
Nd7+ Kg7 41. Nc5 Rb1+ 42. Kg2 b2 43. Nd3 1-0

[Event "Arab Games 2011"]
[Site "0:25.10-0:25.10"]
[Date "2011.12.12"]
[Round "7"]
[White "Khader Sami"]
[Black "Haddouche, Mohamed"]
[Result "0-1"]
[WhiteElo "2404"]
[BlackElo "2386"]
[PlyCount "46"]
[EventDate "2011.??.??"]

1. d4 c5 2. d5 e5 3. e4 d6 4. Nc3 Nf6 5. f4 exf4 6. Bxf4 Be7 7. e5 dxe5 8. Bxe5
O-O 9. Be2 Re8 10. Qd2 Ng4 11. Bf4 Bd6 12. O-O-O Nf2 13. Bxd6 Qxd6 14. Bb5 Nxd1
15. Bxe8 Nxc3 16. bxc3 Na6 17. Nf3 Bg4 18. Re1 Bxf3 19. gxf3 Nc7 20. Qe2 g6 21.
Ba4 Qf4+ 22. Kb2 Qxa4 23. Rd1 Nb5 0-1

[Event "Arab Games 2011"]
[Site "0:25.10-0:25.10"]
[Date "2011.12.12"]
[Round "7"]
[White "Al-Zendani, Zendan"]
[Black "Ayyad Husain"]
[Result "1-0"]
[WhiteElo "2384"]
[BlackElo "2209"]
[PlyCount "54"]
[EventDate "2011.??.??"]

1. d4 Nf6 2. c4 e6 3. g3 d5 4. Bg2 b6 5. cxd5 Bb7 6. e4 exd5 7. e5 Ne4 8. Ne2
Bb4+ 9. Nbc3 O-O 10. O-O c5 11. Nxe4 dxe4 12. a3 Ba5 13. Rb1 b5 14. dxc5 Bc7
15. Qc2 Qe7 16. Bxe4 Bxe4 17. Qxe4 Nd7 18. b4 Qxe5 19. Qd3 Qe6 20. Nf4 Bxf4 21.
Bxf4 a6 22. Rfe1 Qh3 23. Bd6 Rfe8 24. Be7 Nf8 25. Bxf8 Rxf8 26. Rbd1 Rfe8 27.
Qd5 h5 1-0

[Event "Arab Games 2011"]
[Site "0:25.10-0:25.10"]
[Date "2011.12.12"]
[Round "7"]
[White "Njili Kamel"]
[Black "Kaabi Mejdi"]
[Result "1/2-1/2"]
[WhiteElo "2344"]
[BlackElo "2342"]
[PlyCount "91"]
[EventDate "2011.??.??"]

1. e4 e5 2. Nf3 Nf6 3. Bc4 Nc6 4. d3 Bc5 5. O-O O-O 6. Bb3 d6 7. h3 h6 8. c3 a6
9. Be3 Bxe3 10. fxe3 d5 11. exd5 Nxd5 12. Qe2 Be6 13. Nbd2 b5 14. d4 exd4 15.
Nxd4 Nxd4 16. exd4 Qh4 17. Qf3 c6 18. Ne4 Rad8 19. Nc5 Bc8 20. Rae1 Rd6 21. Re4
Qd8 22. Qd3 g6 23. Qg3 Kg7 24. Qe5+ f6 25. Qg3 f5 26. Qe5+ Rdf6 27. Ree1 R8f7
28. Bxd5 cxd5 29. Qb8 Kh7 30. Ne6 Qd7 31. Nf4 Rd6 32. Re8 Qxe8 33. Qxd6 Rd7 34.
Qc6 Bb7 35. Qb6 Qe3+ 36. Kh2 Rg7 37. Ne6 Rf7 38. Nd8 Re7 39. Nxb7 f4 40. Nc5
Qg3+ 41. Kh1 f3 42. gxf3 Qxh3+ 43. Kg1 Qg3+ 44. Kh1 Qh3+ 45. Kg1 Qg3+ 46. Kh1
1/2-1/2

[Event "Arab Games 2011"]
[Site "0:21.54-0:09.58"]
[Date "2011.12.12"]
[Round "7"]
[White "Mansour Sameer"]
[Black "Ahmed Abuzied"]
[Result "1-0"]
[WhiteElo "2284"]
[BlackElo "2059"]
[PlyCount "67"]
[EventDate "2011.??.??"]

1. Nf3 g6 2. d4 Bg7 3. Bg5 c5 4. e3 Nf6 5. Nbd2 b6 6. Bd3 O-O 7. O-O Bb7 8. c3
d6 9. Re1 Nbd7 10. e4 e5 11. dxe5 dxe5 12. Qc2 Qc7 13. a4 h6 14. Bh4 Rfe8 15.
Nc4 Nh5 16. Ne3 f5 17. exf5 e4 18. Bc4+ Kh8 19. Nd2 g5 20. Bg3 Nxg3 21. hxg3
Nf6 22. Be6 Bc8 23. Nd5 Nxd5 24. Bxd5 Bxf5 25. Bxa8 Rxa8 26. Nc4 Rf8 27. Ne3
Bg6 28. Rad1 h5 29. Rd5 Bh6 30. Red1 Rf7 31. Rd6 Kh7 32. Rxg6 Kxg6 33. Qxe4+
Kg7 34. Nf5+ 1-0

[Event "Arab Games 2011"]
[Site "0:19.24-0:20.14"]
[Date "2011.12.12"]
[Round "7"]
[White "Tissir Mohamed"]
[Black "Najjar Ahmad"]
[Result "1-0"]
[WhiteElo "2413"]
[BlackElo "2274"]
[PlyCount "43"]
[EventDate "2011.??.??"]

1. e4 e5 2. Nf3 Nc6 3. Bc4 Bc5 4. c3 Nf6 5. d3 d5 6. exd5 Nxd5 7. O-O O-O 8.
Nbd2 Re8 9. Ne4 Bf8 10. Nfg5 h6 11. Qf3 hxg5 12. Bxd5 Be6 13. Bxc6 bxc6 14.
Nxg5 Qf6 15. Qxc6 Bd6 16. Nxe6 Qxe6 17. Be3 e4 18. Qxe4 Qf6 19. Qg4 Rab8 20. b3
Rb5 21. Rae1 Re6 22. g3 1-0

[Event "Arab Games 2011"]
[Site "0:02.28-0:02.52"]
[Date "2011.12.12"]
[Round "7"]
[White "Sabar Daoud"]
[Black "Nadir Samir"]
[Result "0-1"]
[WhiteElo "2034"]
[BlackElo "2125"]
[PlyCount "80"]
[EventDate "2011.??.??"]

1. e4 c6 2. d4 d5 3. Nc3 dxe4 4. Nxe4 Bf5 5. Ng3 Bg6 6. h4 h6 7. Nf3 Nd7 8. Bd3
Bxd3 9. Qxd3 e6 10. Ne4 Ngf6 11. Be3 Qc7 12. O-O-O O-O-O 13. c4 Nxe4 14. Qxe4
Nf6 15. Qc2 Bd6 16. h5 c5 17. Kb1 Rhe8 18. Rh4 a6 19. a3 Re7 20. b4 cxd4 21.
Rhxd4 Red7 22. c5 Be5 23. Nxe5 Qxe5 24. Rxd7 Rxd7 25. Rxd7 Kxd7 26. Qd2+ Qd5
27. Kc2 Qxd2+ 28. Kxd2 Nxh5 29. Bd4 f6 30. Ke3 e5 31. Bb2 Nf4 32. g3 Nd5+ 33.
Ke4 Ke6 34. g4 g6 35. Bc1 f5+ 36. gxf5+ gxf5+ 37. Kf3 h5 38. Kg3 f4+ 39. Kh4 e4
40. Kxh5 Ke5 0-1

[Event "Arab Games 2011"]
[Site "0:25.10-0:25.10"]
[Date "2011.12.12"]
[Round "7"]
[White "Omar Noaman"]
[Black "Obada Ahmad, Azeezjawad"]
[Result "1/2-1/2"]
[WhiteElo "2324"]
[BlackElo "2353"]
[PlyCount "67"]
[EventDate "2011.??.??"]

1. d4 Nf6 2. c4 g6 3. Nc3 d5 4. Nf3 Bg7 5. Bg5 Ne4 6. cxd5 Nxg5 7. Nxg5 e6 8.
Nf3 exd5 9. e3 O-O 10. b4 c6 11. Rc1 Bf5 12. Be2 Nd7 13. O-O Re8 14. b5 Nb6 15.
bxc6 bxc6 16. Na4 Nxa4 17. Qxa4 Bd7 18. Qc2 a5 19. Rb1 Qc7 20. Rfc1 Reb8 21.
Bd3 Rxb1 22. Rxb1 Rb8 23. h3 Rxb1+ 24. Qxb1 c5 25. dxc5 Qxc5 26. Qc2 Bc3 27.
Qb3 a4 28. Qb7 Qc6 29. Qxc6 Bxc6 30. Nd4 Bb7 31. Kf1 Kf8 32. Ke2 Ke7 33. a3 Bb2
34. Bb5 1/2-1/2

[Event "Arab Games 2011"]
[Site "0:25.10-0:25.10"]
[Date "2011.12.12"]
[Round "7"]
[White "Takrory Hosam"]
[Black "Shobaita Talal"]
[Result "1/2-1/2"]
[WhiteElo "2034"]
[BlackElo "2139"]
[PlyCount "55"]
[EventDate "2011.??.??"]

1. e4 e5 2. Nf3 d6 3. d4 Nd7 4. Bc4 Be7 5. h3 Ngf6 6. Nc3 O-O 7. Be3 c6 8. a4
exd4 9. Nxd4 Nc5 10. Qf3 Nfxe4 11. Nxe4 Nxe4 12. Qxe4 d5 13. Bxd5 cxd5 14. Qd3
Bf6 15. Rd1 Be6 16. O-O a6 17. Rfe1 Qd7 18. Qb3 Rfe8 19. Nxe6 fxe6 20. f4 Rac8
21. Bd4 Bxd4+ 22. Rxd4 Rc6 23. f5 exf5 24. Rxe8+ Qxe8 25. Qxd5+ Qf7 26. Qd8+
Qf8 27. Qd5+ Qf7 28. Qd8+ 1/2-1/2

[Event "Arab Games 2011"]
[Site "0:00.39-0:03.01"]
[Date "2011.12.12"]
[Round "8"]
[White "Salem A R, Saleh"]
[Black "Amin Bassem"]
[Result "1/2-1/2"]
[WhiteElo "2511"]
[BlackElo "2590"]
[PlyCount "113"]
[EventDate "2011.??.??"]

1. d4 f5 2. g3 Nf6 3. Bg2 e6 4. c4 Be7 5. Nc3 O-O 6. Nf3 d6 7. O-O Qe8 8. Qc2
Qg6 9. b3 Ne4 10. Bb2 Bf6 11. Rad1 Nc6 12. e3 Nxc3 13. Bxc3 e5 14. dxe5 dxe5
15. Qb2 e4 16. Ne5 Nxe5 17. Bxe5 Be6 18. Rd2 Rae8 19. Rfd1 h5 20. Bxf6 Rxf6 21.
Qe5 c6 22. Qa5 h4 23. Qxa7 f4 24. exf4 Bg4 25. Re1 e3 26. fxe3 hxg3 27. hxg3
Bh3 28. e4 Qxg3 29. Qe3 Qxe3+ 30. Rxe3 Bxg2 31. Kxg2 Rxf4 32. Rd7 b5 33. cxb5
cxb5 34. e5 Re6 35. Rd5 b4 36. Kg3 Rf1 37. Rd6 Kf7 38. Re4 Ra1 39. Rf4+ Ke7 40.
Rxb4 Rxe5 41. Ra6 Kf7 42. Ra7+ Kg8 43. Rg4 Kh8 44. Rh4+ Kg8 45. Rg4 Kh8 46.
Rgxg7 Rxa2 47. Rxa2 Kxg7 48. Rf2 Re3+ 49. Rf3 Rxf3+ 50. Kxf3 Kf7 51. Ke3 Ke7
52. Kd3 Kd7 53. Kc3 Kc7 54. Kd4 Kb6 55. Kc4 Kc6 56. Kb4 Kb6 57. Kc4 1/2-1/2

[Event "Arab Games 2011"]
[Site "0:01.10-0:02.11"]
[Date "2011.12.12"]
[Round "8"]
[White "Al-Modiahki, Mohamad"]
[Black "Al Qudaimi, Basheer"]
[Result "1/2-1/2"]
[WhiteElo "2558"]
[BlackElo "2398"]
[PlyCount "124"]
[EventDate "2011.??.??"]

1. e4 d6 2. d4 Nf6 3. Nc3 g6 4. Nf3 Bg7 5. Be3 c6 6. Qd2 b5 7. Bd3 Ng4 8. Bg5
h6 9. Bh4 Qc7 10. h3 Nf6 11. e5 b4 12. exf6 bxc3 13. Qe3 cxb2 14. Rb1 Bf8 15.
fxe7 Bxe7 16. O-O Be6 17. Bxg6 Rg8 18. Qxe6 Rxg6 19. Qe4 Re6 20. Qh7 Nd7 21.
Bxe7 Kxe7 22. Rxb2 Rb8 23. Rb3 Rxb3 24. axb3 Qa5 25. Qd3 Nf6 26. Nd2 Nh5 27. f4
Ng3 28. Nc4 Qc3 29. Qxc3 Ne2+ 30. Kf2 Nxc3 31. Ra1 Nb5 32. Ne3 Nxd4 33. Rxa7+
Kf6 34. g3 h5 35. g4 Re4 36. g5+ Ke6 37. f5+ Nxf5 38. Nxf5 Kxf5 39. Rxf7+ Kxg5
40. Rg7+ Kh4 41. Rg6 Rd4 42. Ke3 Rd1 43. Ke2 Rd5 44. c4 Rd4 45. c5 dxc5 46.
Rxc6 Rd5 47. b4 cxb4 48. Rc4+ Kxh3 49. Rxb4 Kg2 50. Ke3 Rg5 51. Rb1 Rg4 52.
Rb2+ Kg3 53. Ke2 Rf4 54. Rb3+ Kg2 55. Rb8 Re4+ 56. Kd3 Rg4 57. Ke3 h4 58. Rb2+
Kg3 59. Rb1 h3 60. Rg1+ Kh4 61. Rxg4+ Kxg4 62. Ke4 Kg5 1/2-1/2

[Event "Arab Games 2011"]
[Site "0:10.07-0:07.51"]
[Date "2011.12.12"]
[Round "8"]
[White "Haddouche, Mohamed"]
[Black "Adly Ahmed"]
[Result "1-0"]
[WhiteElo "2386"]
[BlackElo "2601"]
[PlyCount "93"]
[EventDate "2011.??.??"]

1. e4 c5 2. Nf3 Nf6 3. Nc3 d6 4. d4 cxd4 5. Nxd4 a6 6. Be2 e5 7. Nb3 Be7 8. O-O
O-O 9. Kh1 Be6 10. f4 exf4 11. Bxf4 Nc6 12. Qe1 Ne5 13. Rd1 Qc7 14. Qg3 Rfd8
15. Nd4 Ng6 16. Bg5 Ne8 17. Nxe6 fxe6 18. Bg4 Qd7 19. Bc1 Nf6 20. Bh3 Rac8 21.
Nd5 Rxc2 22. Qb3 Nxd5 23. Qxc2 Nc7 24. Be3 Re8 25. Rc1 Na8 26. Rfd1 Bf6 27. Qb3
Be5 28. Rc2 Nf4 29. Bxf4 Bxf4 30. g3 Be5 31. Rdc1 Kh8 32. Bxe6 Rxe6 33. Rc8+
Re8 34. Rxe8+ Qxe8 35. Qxb7 Nb6 36. Qxb6 h5 37. Qc6 Qe7 38. Qc8+ Kh7 39. Rc7
Qf6 40. Qf5+ Qxf5 41. exf5 Bxb2 42. Rc6 d5 43. Rxa6 d4 44. Rd6 Kg8 45. a4 Kf7
46. a5 Ke7 47. Rd5 1-0

[Event "Arab Games 2011"]
[Site "0:25.10-0:25.10"]
[Date "2011.12.12"]
[Round "8"]
[White "Karim Ismael"]
[Black "Omar, Abdulrahman"]
[Result "1-0"]
[WhiteElo "2405"]
[BlackElo "2045"]
[PlyCount "37"]
[EventDate "2011.??.??"]

1. e4 c6 2. d4 d5 3. f3 dxe4 4. fxe4 e5 5. Nf3 exd4 6. Bc4 Be6 7. Bxe6 fxe6 8.
Qxd4 Qxd4 9. Nxd4 Kd7 10. Rf1 e5 11. Rxf8 exd4 12. Bf4 Ke7 13. Rxb8 Rxb8 14.
Bxb8 Nf6 15. Bxa7 Rd8 16. Bb6 Rd7 17. Nd2 Ng4 18. Ke2 Ne3 19. Bxd4 1-0

[Event "Arab Games 2011"]
[Site "0:25.10-0:25.10"]
[Date "2011.12.12"]
[Round "8"]
[White "Al-Ali Hussein, Ali Hussei"]
[Black "Mansour Sameer"]
[Result "1/2-1/2"]
[WhiteElo "2392"]
[BlackElo "2284"]
[PlyCount "122"]
[EventDate "2011.??.??"]

1. e4 c5 2. Nf3 g6 3. c3 d5 4. e5 Nc6 5. h3 Bg7 6. d4 e6 7. Bd3 Nge7 8. O-O O-O
9. Re1 cxd4 10. cxd4 Nf5 11. Bxf5 exf5 12. Nc3 Be6 13. Bg5 Qd7 14. Qd2 Rfc8 15.
Bf6 Na5 16. Bxg7 Kxg7 17. b3 Rc7 18. Ne2 b6 19. Rac1 Rac8 20. Rxc7 Rxc7 21. Qg5
Qe7 22. Qxe7 Rxe7 23. Rc1 Nb7 24. Nf4 Nd8 25. h4 Rd7 26. Rc8 h6 27. Kf1 Kf8 28.
Nxe6+ fxe6 29. Ne1 Ke7 30. Nd3 Rb7 31. Nf4 g5 32. hxg5 hxg5 33. Nh5 Kd7 34. Rc2
Rc7 35. Nf6+ Kc8 36. Rd2 Rc1+ 37. Ke2 Nc6 38. g4 fxg4 39. Nxg4 Ne7 40. Ne3 Kd7
41. Rd1 Rxd1 42. Kxd1 Ke8 43. Ke2 Kf7 44. Kf3 Kg6 45. Kg4 Nc6 46. Nc2 Kh6 47.
b4 b5 48. a3 a6 49. f4 gxf4 50. Kxf4 Kh5 51. Ke3 Kg4 52. Ne1 a5 53. Nc2 axb4
54. axb4 Kf5 55. Na3 Nxb4 56. Nxb5 Nc6 57. Nd6+ Kg4 58. Ne8 Ne7 59. Kd3 Nf5 60.
Nc7 Kf4 61. Na6 Ng7 1/2-1/2

[Event "Arab Games 2011"]
[Site "0:25.10-0:25.10"]
[Date "2011.12.12"]
[Round "8"]
[White "Kaabi Mejdi"]
[Black "El Jawich Amro"]
[Result "1-0"]
[WhiteElo "2342"]
[BlackElo "2139"]
[PlyCount "91"]
[EventDate "2011.??.??"]

1. d4 Nf6 2. Nf3 g6 3. c4 Bg7 4. g3 O-O 5. Bg2 d6 6. O-O a6 7. Nc3 Nc6 8. h3
Bd7 9. e4 e5 10. Be3 exd4 11. Nxd4 Re8 12. Qd2 Qc8 13. Kh2 Ne5 14. Qe2 c5 15.
Nb3 Be6 16. Nd5 Bxd5 17. cxd5 b5 18. Nd2 Ned7 19. Rac1 Qb7 20. b3 Rac8 21. f4
Qb8 22. Qd3 Nb6 23. Bf2 Nfd7 24. Rfe1 Rc7 25. Rc2 Rec8 26. Rec1 h6 27. Bg1 Kh7
28. Bf3 c4 29. bxc4 Nxc4 30. Nxc4 bxc4 31. Qa3 Qb5 32. Bg2 Rb7 33. Qe3 Nb6 34.
Bf1 Qa4 35. Kh1 c3 36. h4 Nc4 37. Qe2 Rb2 38. e5 dxe5 39. f5 e4 40. Qxe4 Rxc2
41. Rxc2 Qb4 42. fxg6+ fxg6 43. Bd3 Qd6 44. Bxc4 Qxg3 45. Bh2 Qe5 46. Bxe5 1-0

[Event "Arab Games 2011"]
[Site "0:25.10-0:25.10"]
[Date "2011.12.12"]
[Round "8"]
[White "Khader Sami"]
[Black "Tissir Mohamed"]
[Result "0-1"]
[WhiteElo "2404"]
[BlackElo "2413"]
[PlyCount "64"]
[EventDate "2011.??.??"]

1. d4 e6 2. c4 c5 3. d5 exd5 4. cxd5 d6 5. Nc3 Ne7 6. e4 Ng6 7. g3 Be7 8. h4
O-O 9. f4 Re8 10. Bb5 Nd7 11. Nf3 Bf6 12. O-O a6 13. Bd3 b5 14. Ng5 b4 15. Ne2
Qe7 16. Qc2 a5 17. Nxh7 Kxh7 18. h5 Nge5 19. Bb5 Rh8 20. fxe5 Nxe5 21. Nf4 Kg8
22. a3 b3 23. Qxb3 Bg4 24. Be2 Bxe2 25. Nxe2 Rxh5 26. Nf4 Rh7 27. Qc2 Ng4 28.
Ne2 c4 29. Rf4 Qa7+ 30. Kg2 Rh2+ 31. Kf1 Be5 32. Rf3 Rf2+ 0-1

[Event "Arab Games 2011"]
[Site "0:25.10-0:25.10"]
[Date "2011.12.12"]
[Round "8"]
[White "Ayyad Husain"]
[Black "Njili Kamel"]
[Result "0-1"]
[WhiteElo "2209"]
[BlackElo "2344"]
[PlyCount "102"]
[EventDate "2011.??.??"]

1. e4 d6 2. d4 g6 3. h3 Bg7 4. Nf3 c6 5. a4 Nf6 6. Nc3 Nbd7 7. Be3 e5 8. Be2
Qe7 9. O-O h6 10. Qd2 g5 11. Rfd1 O-O 12. dxe5 dxe5 13. Qd6 Qxd6 14. Rxd6 Re8
15. Nh2 Bf8 16. Rdd1 Nc5 17. Bf3 Ne6 18. Nf1 Nf4 19. Ng3 Be6 20. a5 h5 21. Bxf4
exf4 22. Nxh5 Nxh5 23. Bxh5 b5 24. Bg4 Bxg4 25. hxg4 b4 26. Ne2 Rxe4 27. Nd4 c5
28. Nf5 Re2 29. Rac1 b3 30. cxb3 Rxb2 31. Rd7 Rxb3 32. Ne7+ Kg7 33. Nc6 Re8 34.
Rxa7 Rb2 35. a6 c4 36. Rb7 Ra2 37. a7 Ree2 38. Rb5 Rxf2 39. Rxg5+ Kf6 40. Ra5
Rxg2+ 41. Kf1 Raf2+ 42. Ke1 Rb2 43. Kf1 Rh2 44. Kg1 f3 45. Rf5+ Kg7 46. Rg5+
Kh6 47. Rh5+ Rxh5 48. gxh5 Bc5+ 49. Kh1 Ra2 50. Rxc4 Ra1+ 51. Kh2 f2 0-1

[Event "Arab Games 2011"]
[Site "0:25.10-0:25.10"]
[Date "2011.12.12"]
[Round "8"]
[White "Goutali Tarek"]
[Black "Ayyad Maher"]
[Result "1-0"]
[WhiteElo "2327"]
[BlackElo "2157"]
[PlyCount "81"]
[EventDate "2011.??.??"]

1. e4 c5 2. Nf3 e6 3. d3 Nc6 4. g3 d5 5. Qe2 dxe4 6. dxe4 Nf6 7. Bg2 Be7 8. O-O
O-O 9. e5 Nd7 10. c4 Qc7 11. Re1 b6 12. Nc3 a6 13. Bf4 Bb7 14. Rad1 Rad8 15. h4
Ndb8 16. Ne4 Rxd1 17. Rxd1 Rd8 18. Nd6 Nd7 19. Ng5 Rf8 20. Nxh7 Kxh7 21. Qe4+
Kg8 22. Nxb7 Ndxe5 23. Re1 Qxb7 24. Bxe5 Rc8 25. Qg4 Bf8 26. h5 Qe7 27. Bxg7
Bxg7 28. h6 Qf6 29. hxg7 Nd4 30. Be4 Qxg7 31. Qh5 Kf8 32. Kg2 Ke7 33. Rh1 Rd8
34. b4 cxb4 35. c5 f5 36. cxb6 fxe4 37. Qc5+ Kf7 38. b7 Qf6 39. Qc7+ Kg8 40.
Qh7+ Kf8 41. Qh8+ 1-0

[Event "Arab Games 2011"]
[Site "0:02.19-0:01.08"]
[Date "2011.12.12"]
[Round "8"]
[White "Chahrani, Ibrahim"]
[Black "Ahmed Abuzied"]
[Result "1-0"]
[WhiteElo "2243"]
[BlackElo "2059"]
[PlyCount "74"]
[EventDate "2011.??.??"]

1. d4 g6 2. c4 Bg7 3. Nc3 c5 4. d5 Bxc3+ 5. bxc3 f5 6. g3 Qa5 7. Qd3 d6 8. Nf3
Nf6 9. Bg2 Nbd7 10. O-O Ne4 11. Nd2 Ne5 12. Qc2 Nxd2 13. Bxd2 Nxc4 14. Bh6 Bd7
15. Rfe1 O-O-O 16. e4 Ba4 17. Qe2 Ne5 18. exf5 Qxc3 19. Bg7 Nf3+ 20. Bxf3 Qxg7
21. fxg6 hxg6 22. Rab1 a6 23. Rb6 Kc7 24. Reb1 Rb8 25. Qd2 Bd7 26. Qa5 Kc8 27.
Rxb7 Rxb7 28. Qxa6 Kd8 29. Qa8+ Bc8 30. Rxb7 Qd4 31. Rb8 Kd7 32. Qa7+ Ke8 33.
Rxc8+ Kf7 34. Rxh8 Qxh8 35. Qd7 Qa1+ 36. Kg2 Qxa2 37. Qe6+ Kf8 1-0